Quiz trop cool de films en emojis #2 - Statistiques

Statistiques générales
  • Ce quiz a été pris 249 fois
  • Le résultat moyen est 3 sur 15
Statistiques - réponses
Hint Réponse % Correct
🏴‍☠️🦜⚔️⚓️ Pirate des Caraïbes
73%
🃏🤡🤣🔫🌆🩸 Joker
53%
🐹🐹🐹🎤 Alvin et les Chipmunks
42%
🩰👦🏼🥊 Billy Elliot
26%
🏠👩🏽‍🦱🇨🇴🎶👨‍👩‍👧‍👧💃🏻 Encanto
12%
👨🏻‍🦲🥁🙍🏻‍♂️ Wiplash
12%
💃🏻🎬📽️🍷🎷 Babylon
11%
🪳👨‍👩‍👦‍👦💰🧹🏠 Parasite
6%
🖼️👩🏼❤️👩🏻🔥 Portrait de la jeune fille en feu
5%
🚿🩸🧖🏻‍♀️🏫😡👸🏼🩸 Carrie
4%
👩🏽‍🦱💗👩‍🦳💊✨🏫 Euphoria
3%
😼🎩👧🏼👦🏻🧁 Le chat Chapeauté
3%
🧠👩🏻‍🦰👱🏻‍♂️🚮 Eternal Sunshine of the Spotless Mind
2%
🤠🤝🤠🐄🥧 First Cow
1%
🏰👩🏼‍🤝‍👨🏻🫦💃🏻🕺🏻🧛 The rocky horror picture show
1%
Aucun quiz correspondant
Distribution des résultats
% des personnes avec chaque résultat
Percentile par nombre de réponses
Votre historique - résultats
Vous n’avez pas pris ce quiz